000 01097nam a22003257a 4500
001 BR9901868
003 BR-BrBNA
005 20230928100248.0
007 ta
008 230509b bl.||||| |||| 00| 0 por d
040 _aBR-BrBNA
_bpor
_cBiblioteca Nacional de Agricultura
041 _a(Por)
072 _aH20; P34
_b0336
_b4120
090 _ 0336 BR9901868
100 1 _aLima, M.T.G. de
110 1 _aCentro de Energia Nuclear na Agricultura, Piracicaba, SP (Brasil)
_0Tese (Doutor em Ciencias)
245 1 _aInterrelacao cancro da haste (Diaporthe phaseolorum f. sp. meridionalis), nodulacao (Bradyrhizobium japonicum e silicio em soja (Glycine max (L.)Merrill)
260 3 _aPiracicaba, SP (Brasil):
_c1998.
300 _a58 p.
500 _aSummaries (Eng, Por); Bibliography p. 43-58; 5 illus.; 13 tables
650 _aSoja
650 _aCancro da Haste
650 _aRhizobium
650 _aSilicio
650 _aVariedade Resistente
650 _aFixacao Simbiotica de Nitrogenio
650 _aNutricao Vegetal
909 _a202309
_bLucia
_c55
_dLucia Elande
942 _cBK
999 _c60753
_d60753